[Event "Team Championship of Russia (rapid)"]
[Site "Sochi"]
[Date "2015.05.09"]
[Round "7.11"]
[White "Timofeev, Artyom"]
[Black "Tregubov, Pavel V."]
[Result "1/2-1/2"]
[LiveChessVersion "1.4.4"]
[BlackElo "2671"]
[WhiteElo "2588"]
[BlackTeam "University"]
[WhiteTeam "Ladya"]

1. c4 {[%clk 0:15:16]} Nf6 {[%clk 0:13:55]} 2. Nc3 {[%clk 0:15:22]} e5
{[%clk 0:14:04]} 3. Nf3 {[%clk 0:15:28]} Nc6 {[%clk 0:14:12]} 4. d3
{[%clk 0:15:34]} Bc5 {[%clk 0:14:11]} 5. g3 {[%clk 0:15:28]} d6 {[%clk 0:14:10]}
6. Bg2 {[%clk 0:15:35]} h6 {[%clk 0:14:04]} 7. O-O {[%clk 0:15:36]} a5
{[%clk 0:13:31]} 8. e3 {[%clk 0:15:35]} O-O {[%clk 0:13:39]} 9. b3
{[%clk 0:15:26]} Bf5 {[%clk 0:13:30]} 10. h3 {[%clk 0:15:22]} Qd7
{[%clk 0:13:38]} 11. Kh2 {[%clk 0:15:28]} Rfe8 {[%clk 0:13:09]} 12. Bb2
{[%clk 0:15:15]} Bh7 {[%clk 0:12:52]} 13. a3 {[%clk 0:14:38]} Rad8
{[%clk 0:12:51]} 14. Rc1 {[%clk 0:14:39]} Bb6 {[%clk 0:12:15]} 15. Nd5
{[%clk 0:13:03]} Nxd5 {[%clk 0:12:10]} 16. cxd5 {[%clk 0:13:11]} Ne7
{[%clk 0:12:19]} 17. e4 {[%clk 0:12:34]} f5 {[%clk 0:12:19]} 18. Nd2
{[%clk 0:12:33]} c6 {[%clk 0:10:34]} 19. Nc4 {[%clk 0:11:15]} Bc7
{[%clk 0:10:43]} 20. dxc6 {[%clk 0:11:00]} Nxc6 {[%clk 0:08:16]} 21. Ne3
{[%clk 0:11:04]} fxe4 {[%clk 0:07:57]} 22. dxe4 {[%clk 0:10:28]} Bb6
{[%clk 0:08:00]} 23. Nd5 {[%clk 0:10:22]} Bc5 {[%clk 0:07:05]} 24. b4
{[%clk 0:10:09]} axb4 {[%clk 0:06:13]} 25. axb4 {[%clk 0:10:16]} Bd4
{[%clk 0:06:06]} 26. Bxd4 {[%clk 0:09:54]} Nxd4 {[%clk 0:04:29]} 27. Rc7
{[%clk 0:09:52]} Qe6 {[%clk 0:04:37]} 28. Rxb7 {[%clk 0:09:51]} Rb8
{[%clk 0:04:23]} 29. Ra7 {[%clk 0:09:21]} Nb5 {[%clk 0:04:07]} 30. Ra6
{[%clk 0:08:23]} Rb7 {[%clk 0:03:59]} 31. h4 {[%clk 0:06:56]} Rf8
{[%clk 0:03:24]} 32. Kg1 {[%clk 0:03:29]} Kh8 {[%clk 0:03:32]} 33. Qd3
{[%clk 0:03:00]} Nd4 {[%clk 0:03:35]} 34. Qe3 {[%clk 0:03:07]} Rbf7
{[%clk 0:02:09]} 35. f4 {[%clk 0:02:05]} exf4 {[%clk 0:01:05]} 36. gxf4
{[%clk 0:02:09]} Nb5 {[%clk 0:01:04]} 37. e5 {[%clk 0:01:55]} Qg4
{[%clk 0:00:19]} 38. exd6 {[%clk 0:00:26]} Rd7 {[%clk 0:00:16]} 39. Qc5
{[%clk 0:00:16]} Be4 {[%clk 0:00:20]} 40. Ne3 {[%clk 0:00:19]} Qg3
{[%clk 0:00:26]} 41. Rf2 {[%clk 0:00:23]} Rxf4 {[%clk 0:00:17]} 42. Rxf4
{[%clk 0:00:15]} Qxf4 {[%clk 0:00:26]} 43. Qc8+ {[%clk 0:00:15]} Kh7
{[%clk 0:00:36]} 44. Bxe4+ {[%clk 0:00:23]} Qxe4 {[%clk 0:00:45]} 45. Qxd7
{[%clk 0:00:31]} Qxe3+ {[%clk 0:00:54]} 46. Kg2 {[%clk 0:00:38]} Qe2+
{[%clk 0:00:55]} 47. Kg3 {[%clk 0:00:44]} Qe3+ {[%clk 0:00:46]} 48. Kg2
{[%clk 0:00:52]} Qe2+ {[%clk 0:00:40]} 49. Kg3 {[%clk 0:01:00]} Qe3+
{[%clk 0:00:20]} 1/2-1/2

[Event "Team Championship of Russia (rapid)"]
[Site "Sochi"]
[Date "2015.05.09"]
[Round "7.12"]
[White "Cherniaev, Alexander"]
[Black "Murtazin, Bulat"]
[Result "0-1"]
[LiveChessVersion "1.4.4"]
[BlackElo "2617"]
[WhiteElo "2656"]
[WhiteTeam "University"]

1. d4 {[%clk 0:15:17]} d5 {[%clk 0:15:19]} 2. Nf3 {[%clk 0:15:25]} Nf6
{[%clk 0:15:27]} 3. g3 {[%clk 0:15:33]} e6 {[%clk 0:15:18]} 4. Bg2
{[%clk 0:15:42]} c5 {[%clk 0:15:25]} 5. c4 {[%clk 0:15:32]} cxd4 {[%clk 0:14:25]}
6. cxd5 {[%clk 0:14:58]} Bb4+ {[%clk 0:14:05]} 7. Bd2 {[%clk 0:14:44]} Nxd5
{[%clk 0:13:28]} 8. Nxd4 {[%clk 0:14:02]} O-O {[%clk 0:13:20]} 9. O-O
{[%clk 0:13:57]} Qb6 {[%clk 0:12:55]} 10. Nb3 {[%clk 0:12:45]} Nc6
{[%clk 0:12:51]} 11. e4 {[%clk 0:12:31]} Nf6 {[%clk 0:11:47]} 12. Be3
{[%clk 0:12:39]} Qb5 {[%clk 0:11:15]} 13. a3 {[%clk 0:12:42]} Rd8
{[%clk 0:10:24]} 14. Qc2 {[%clk 0:12:46]} Bf8 {[%clk 0:10:06]} 15. Nc3
{[%clk 0:12:54]} Qc4 {[%clk 0:09:55]} 16. Rad1 {[%clk 0:10:29]} e5
{[%clk 0:09:56]} 17. Rxd8 {[%clk 0:10:29]} Nxd8 {[%clk 0:10:04]} 18. Rd1
{[%clk 0:10:09]} Be6 {[%clk 0:08:48]} 19. Nc1 {[%clk 0:09:01]} Ng4
{[%clk 0:07:26]} 20. Bd2 {[%clk 0:08:46]} Bc5 {[%clk 0:06:49]} 21. Be1
{[%clk 0:08:54]} Nc6 {[%clk 0:04:37]} 22. Bf1 {[%clk 0:08:10]} Nd4
{[%clk 0:04:46]} 23. Bxc4 {[%clk 0:08:01]} Nxc2 {[%clk 0:04:54]} 24. Bxe6
{[%clk 0:08:09]} fxe6 {[%clk 0:05:04]} 25. h3 {[%clk 0:05:41]} Nf6
{[%clk 0:03:39]} 26. Kg2 {[%clk 0:03:34]} Bd4 {[%clk 0:02:52]} 27. N1e2
{[%clk 0:03:39]} Rd8 {[%clk 0:02:27]} 28. Rc1 {[%clk 0:03:39]} Nxe1+
{[%clk 0:02:32]} 29. Rxe1 {[%clk 0:03:48]} Bxc3 {[%clk 0:02:42]} 30. Nxc3
{[%clk 0:03:51]} Rd2 {[%clk 0:02:51]} 31. Rb1 {[%clk 0:03:55]} Kf7
{[%clk 0:02:40]} 32. Kf3 {[%clk 0:03:59]} a6 {[%clk 0:01:40]} 33. Ke3
{[%clk 0:04:06]} Rc2 {[%clk 0:01:47]} 34. Na2 {[%clk 0:03:18]} a5
{[%clk 0:01:22]} 35. Nc3 {[%clk 0:02:58]} Nd7 {[%clk 0:01:25]} 36. Nd1
{[%clk 0:02:01]} Nb6 {[%clk 0:01:00]} 37. Kd3 {[%clk 0:01:55]} Rc6
{[%clk 0:01:02]} 38. b3 {[%clk 0:01:35]} Rd6+ {[%clk 0:01:00]} 39. Ke2
{[%clk 0:01:32]} Nd7 {[%clk 0:00:44]} 40. Rc1 {[%clk 0:01:38]} Rb6
{[%clk 0:00:34]} 41. Rc3 {[%clk 0:01:43]} Ke7 {[%clk 0:00:34]} 42. Nb2
{[%clk 0:01:50]} Rb5 {[%clk 0:00:25]} 43. a4 {[%clk 0:01:30]} Rb4
{[%clk 0:00:27]} 44. f3 {[%clk 0:01:38]} b5 {[%clk 0:00:13]} 45. Nd3
{[%clk 0:01:23]} bxa4 {[%clk 0:00:22]} 46. Nxb4 {[%clk 0:01:32]} axb4
{[%clk 0:00:32]} 47. Rc4 {[%clk 0:01:41]} a3 {[%clk 0:00:41]} 48. Rxb4
{[%clk 0:01:18]} Nc5 {[%clk 0:00:48]} 49. Rb5 {[%clk 0:01:19]} a2
{[%clk 0:00:57]} 50. Ra5 {[%clk 0:01:27]} Nxb3 {[%clk 0:01:07]} 51. Ke1 0-1

[Event "Team Championship of Russia (rapid)"]
[Site "Sochi"]
[Date "2015.05.09"]
[Round "7.13"]
[White "Malakhov, Vladimir"]
[Black "Golubov, Saveliy"]
[Result "1/2-1/2"]
[LiveChessVersion "1.4.4"]
[BlackElo "2440"]
[WhiteElo "2729"]
[BlackTeam "SHK Rakita"]
[WhiteTeam "Malachite"]

1. Nf3 {[%clk 0:15:18]} d5 {[%clk 0:15:19]} 2. g3 {[%clk 0:15:26]} Nf6
{[%clk 0:15:28]} 3. Bg2 {[%clk 0:15:35]} e6 {[%clk 0:15:36]} 4. O-O
{[%clk 0:15:40]} Be7 {[%clk 0:15:45]} 5. b3 {[%clk 0:15:44]} d4 {[%clk 0:15:38]}
6. Bb2 {[%clk 0:14:46]} Nc6 {[%clk 0:15:47]} 7. c3 {[%clk 0:14:42]} e5
{[%clk 0:13:26]} 8. cxd4 {[%clk 0:14:29]} exd4 {[%clk 0:13:35]} 9. d3
{[%clk 0:13:36]} O-O {[%clk 0:13:40]} 10. Nbd2 {[%clk 0:13:44]} Bc5
{[%clk 0:11:35]} 11. Rc1 {[%clk 0:13:47]} Bb6 {[%clk 0:11:37]} 12. a3
{[%clk 0:13:19]} a6 {[%clk 0:10:42]} 13. b4 {[%clk 0:13:02]} Re8 {[%clk 0:09:59]}
14. Nb3 {[%clk 0:12:56]} Re6 {[%clk 0:08:47]} 15. Rc4 {[%clk 0:08:50]} Rd6
{[%clk 0:08:50]} 16. Nc5 {[%clk 0:08:35]} Bxc5 {[%clk 0:04:18]} 17. bxc5
{[%clk 0:08:43]} Rd5 {[%clk 0:04:13]} 18. Qa1 {[%clk 0:08:51]} Na5
{[%clk 0:04:17]} 19. Rxd4 {[%clk 0:07:05]} Nb3 {[%clk 0:04:25]} 20. Rxd5
{[%clk 0:07:13]} Nxd5 {[%clk 0:04:15]} 21. Qb1 {[%clk 0:06:54]} Nxc5
{[%clk 0:04:14]} 22. Qc2 {[%clk 0:07:02]} Ne6 {[%clk 0:03:23]} 23. e4
{[%clk 0:07:04]} Nf6 {[%clk 0:03:27]} 24. d4 {[%clk 0:07:12]} c6 {[%clk 0:03:34]}
25. Rd1 {[%clk 0:06:14]} Bd7 {[%clk 0:03:11]} 26. Ne5 {[%clk 0:05:17]} Be8
{[%clk 0:03:10]} 27. d5 {[%clk 0:05:12]} cxd5 {[%clk 0:02:59]} 28. exd5
{[%clk 0:05:21]} Nf8 {[%clk 0:02:24]} 29. Qb3 {[%clk 0:04:48]} Rc8
{[%clk 0:01:47]} 30. d6 {[%clk 0:04:51]} Rc5 {[%clk 0:01:53]} 31. Qxb7
{[%clk 0:04:32]} Rb5 {[%clk 0:01:54]} 32. Qc7 {[%clk 0:04:41]} Ne6
{[%clk 0:00:43]} 33. Qxd8 {[%clk 0:04:22]} Nxd8 {[%clk 0:00:52]} 34. Rd2
{[%clk 0:02:36]} Nd7 {[%clk 0:00:48]} 35. Nxd7 {[%clk 0:02:26]} Bxd7
{[%clk 0:00:57]} 36. Bf1 {[%clk 0:02:34]} Rb6 {[%clk 0:00:59]} 37. Bc3
{[%clk 0:02:30]} Nb7 {[%clk 0:00:52]} 38. f4 {[%clk 0:01:51]} f6 {[%clk 0:00:25]}
39. Bg2 {[%clk 0:01:47]} Kf8 {[%clk 0:00:11]} 40. a4 {[%clk 0:01:18]} Nxd6
{[%clk 0:00:12]} 41. Rxd6 {[%clk 0:01:08]} Rxd6 {[%clk 0:00:22]} 42. Bb4
{[%clk 0:01:16]} Ke7 {[%clk 0:00:28]} 43. a5 {[%clk 0:01:25]} Bb5
{[%clk 0:00:32]} 44. Bh3 {[%clk 0:01:32]} Bd7 {[%clk 0:00:26]} 45. Bf1
{[%clk 0:01:38]} Bc8 {[%clk 0:00:34]} 46. Kf2 {[%clk 0:01:10]} Kd7
{[%clk 0:00:43]} 47. Bh3+ {[%clk 0:00:59]} Re6 {[%clk 0:00:52]} 48. Bf8
{[%clk 0:01:00]} g6 {[%clk 0:01:00]} 49. Bxe6+ {[%clk 0:01:09]} Kxe6
{[%clk 0:01:09]} 1/2-1/2

[Event "Team Championship of Russia (rapid)"]
[Site "Sochi"]
[Date "2015.05.09"]
[Round "7.14"]
[White "Ivanov, Alexander Al."]
[Black "Lysyj, Igor"]
[Result "1/2-1/2"]
[LiveChessVersion "1.4.4"]
[BlackElo "2647"]
[WhiteElo "2407"]
[BlackTeam "Malachite"]
[WhiteTeam "SHK Rakita"]

1. e4 {[%clk 0:15:19]} e5 {[%clk 0:15:19]} 2. Nf3 {[%clk 0:15:28]} Nc6
{[%clk 0:15:28]} 3. Bb5 {[%clk 0:15:37]} Nf6 {[%clk 0:15:37]} 4. Qe2
{[%clk 0:15:39]} Bc5 {[%clk 0:15:42]} 5. O-O {[%clk 0:15:45]} O-O
{[%clk 0:15:46]} 6. d3 {[%clk 0:15:47]} Nd4 {[%clk 0:15:32]} 7. Nxd4
{[%clk 0:15:55]} Bxd4 {[%clk 0:15:41]} 8. c3 {[%clk 0:16:00]} Bb6
{[%clk 0:15:47]} 9. Bg5 {[%clk 0:16:07]} h6 {[%clk 0:15:48]} 10. Bh4
{[%clk 0:16:16]} d6 {[%clk 0:15:51]} 11. Ba4 {[%clk 0:15:58]} g5 {[%clk 0:15:49]}
12. Bg3 {[%clk 0:16:07]} Bg4 {[%clk 0:14:08]} 13. Qe1 {[%clk 0:16:04]} Nh5
{[%clk 0:14:15]} 14. Bd1 {[%clk 0:16:05]} Nxg3 {[%clk 0:14:03]} 15. hxg3
{[%clk 0:16:13]} Bd7 {[%clk 0:14:04]} 16. g4 {[%clk 0:16:14]} h5 {[%clk 0:13:53]}
17. Nd2 {[%clk 0:15:38]} hxg4 {[%clk 0:13:36]} 18. Nc4 {[%clk 0:15:44]} f5
{[%clk 0:13:27]} 19. Nxb6 {[%clk 0:15:44]} axb6 {[%clk 0:13:36]} 20. exf5
{[%clk 0:15:16]} Bxf5 {[%clk 0:13:45]} 21. Qe3 {[%clk 0:15:22]} Kg7
{[%clk 0:13:08]} 22. Qg3 {[%clk 0:15:25]} Qd7 {[%clk 0:13:01]} 23. Re1
{[%clk 0:15:27]} Rh8 {[%clk 0:13:00]} 24. Bb3 {[%clk 0:15:07]} Rh6
{[%clk 0:12:15]} 25. Kf1 {[%clk 0:15:15]} Qc6 {[%clk 0:11:34]} 26. Ke2
{[%clk 0:15:23]} Rah8 {[%clk 0:11:11]} 27. Kd2 {[%clk 0:15:26]} Rh2
{[%clk 0:10:11]} 28. Rg1 {[%clk 0:15:34]} Kf6 {[%clk 0:07:49]} 29. Rae1
{[%clk 0:15:31]} b5 {[%clk 0:07:50]} 30. a3 {[%clk 0:15:38]} Qb6 {[%clk 0:07:29]}
31. Qe3 {[%clk 0:13:52]} Qxe3+ {[%clk 0:07:37]} 32. fxe3 {[%clk 0:13:53]} Ke7
{[%clk 0:07:27]} 33. Ref1 {[%clk 0:13:57]} Be6 {[%clk 0:07:27]} 34. Bxe6
{[%clk 0:14:06]} Kxe6 {[%clk 0:07:36]} 35. e4 {[%clk 0:14:07]} R8h6
{[%clk 0:07:05]} 36. Rf5 {[%clk 0:14:07]} Rf6 {[%clk 0:07:12]} 37. Rxf6+
{[%clk 0:13:45]} Kxf6 {[%clk 0:07:21]} 38. Ke3 {[%clk 0:13:54]} Kg6
{[%clk 0:07:14]} 39. Kf2 {[%clk 0:14:01]} Rh8 {[%clk 0:07:21]} 40. Kg3
{[%clk 0:14:06]} Rf8 {[%clk 0:07:30]} 41. Ra1 {[%clk 0:13:49]} b6
{[%clk 0:06:50]} 42. b4 {[%clk 0:11:29]} Rf7 {[%clk 0:04:46]} 43. c4
{[%clk 0:06:37]} bxc4 {[%clk 0:03:08]} 44. dxc4 {[%clk 0:06:46]} Rf4
{[%clk 0:03:17]} 45. Re1 {[%clk 0:06:55]} Kf6 {[%clk 0:02:30]} 46. a4
{[%clk 0:06:59]} Ke7 {[%clk 0:02:30]} 47. a5 {[%clk 0:06:00]} Kd7
{[%clk 0:02:38]} 48. a6 {[%clk 0:05:46]} Kc8 {[%clk 0:02:47]} 49. Rh1
{[%clk 0:02:46]} Kb8 {[%clk 0:02:55]} 50. Rh8+ {[%clk 0:02:55]} Ka7
{[%clk 0:03:04]} 51. Rh7 {[%clk 0:03:05]} Kxa6 {[%clk 0:02:48]} 52. Rxc7
{[%clk 0:03:13]} Rxe4 {[%clk 0:02:55]} 53. Rc6 {[%clk 0:03:12]} Rd4
{[%clk 0:02:02]} 54. c5 {[%clk 0:03:10]} dxc5 {[%clk 0:02:08]} 55. bxc5
{[%clk 0:03:19]} Kb5 {[%clk 0:02:16]} 56. Rxb6+ {[%clk 0:03:29]} Kxc5
{[%clk 0:02:24]} 57. Rg6 {[%clk 0:03:35]} Rf4 {[%clk 0:01:59]} 58. Rxg5
{[%clk 0:03:40]} Kd4 {[%clk 0:02:05]} 59. Rg8 {[%clk 0:03:34]} Ke3
{[%clk 0:02:07]} 60. Re8 {[%clk 0:03:17]} Re4 {[%clk 0:00:44]} 61. Ra8
{[%clk 0:03:11]} Rd4 {[%clk 0:00:49]} 62. Re8 {[%clk 0:03:18]} e4
{[%clk 0:00:53]} 63. Kxg4 {[%clk 0:03:26]} Kf2 {[%clk 0:00:42]} 64. Kf5
{[%clk 0:03:33]} e3 {[%clk 0:00:48]} 65. g4 {[%clk 0:03:42]} Kf3 {[%clk 0:00:46]}
66. g5 {[%clk 0:03:16]} Rf4+ {[%clk 0:00:49]} 67. Kg6 {[%clk 0:03:26]} Re4
{[%clk 0:00:36]} 68. Rf8+ {[%clk 0:03:35]} Kg2 {[%clk 0:00:21]} 69. Ra8
{[%clk 0:03:42]} e2 {[%clk 0:00:27]} 70. Ra1 {[%clk 0:03:51]} Kf3
{[%clk 0:00:21]} 71. Re1 {[%clk 0:03:18]} Kf4 {[%clk 0:00:24]} 72. Kf6
{[%clk 0:03:24]} Kf3 {[%clk 0:00:19]} 73. g6 {[%clk 0:03:33]} Rf4+
{[%clk 0:00:27]} 74. Ke6 {[%clk 0:03:37]} Rg4 {[%clk 0:00:34]} 75. Kf7
{[%clk 0:03:46]} Rxg6 {[%clk 0:00:42]} 76. Kxg6 {[%clk 0:03:55]} Kf2
{[%clk 0:00:51]} 77. Rxe2+ {[%clk 0:04:04]} 1/2-1/2

[Event "Team Championship of Russia (rapid)"]
[Site "Sochi"]
[Date "2015.05.09"]
[Round "7.15"]
[White "Riazantsev, Alexander"]
[Black "Khoroshilov, Nikita"]
[Result "1-0"]
[LiveChessVersion "1.4.4"]
[BlackElo "2283"]
[WhiteElo "2605"]
[BlackTeam "SHK Rakita"]
[WhiteTeam "Malachite"]

1. d4 {[%clk 0:15:18]} g6 {[%clk 0:15:09]} 2. c4 {[%clk 0:15:25]} Nf6
{[%clk 0:15:17]} 3. Nc3 {[%clk 0:15:33]} Bg7 {[%clk 0:15:22]} 4. e4
{[%clk 0:15:42]} d6 {[%clk 0:15:32]} 5. f3 {[%clk 0:15:52]} O-O {[%clk 0:15:20]}
6. Bg5 {[%clk 0:16:01]} c5 {[%clk 0:15:16]} 7. d5 {[%clk 0:16:09]} e6
{[%clk 0:15:03]} 8. Qd2 {[%clk 0:16:18]} exd5 {[%clk 0:15:11]} 9. Nxd5
{[%clk 0:16:26]} Be6 {[%clk 0:14:18]} 10. Ne2 {[%clk 0:16:35]} Bxd5
{[%clk 0:14:14]} 11. cxd5 {[%clk 0:16:43]} h6 {[%clk 0:13:49]} 12. Be3
{[%clk 0:16:51]} Kh7 {[%clk 0:12:16]} 13. Nc3 {[%clk 0:16:55]} Nbd7
{[%clk 0:12:24]} 14. Be2 {[%clk 0:16:58]} Ne5 {[%clk 0:11:39]} 15. O-O
{[%clk 0:17:06]} Qd7 {[%clk 0:09:39]} 16. Rae1 {[%clk 0:16:51]} a6
{[%clk 0:09:02]} 17. Kh1 {[%clk 0:16:55]} b5 {[%clk 0:08:31]} 18. b3
{[%clk 0:17:04]} Rfe8 {[%clk 0:08:01]} 19. Rb1 {[%clk 0:16:27]} Rab8
{[%clk 0:06:59]} 20. a4 {[%clk 0:16:28]} c4 {[%clk 0:06:22]} 21. axb5
{[%clk 0:16:19]} axb5 {[%clk 0:06:28]} 22. b4 {[%clk 0:16:24]} Ra8 23. Ra1 Reb8
{[%clk 0:05:14]} 24. Bd4 {[%clk 0:14:58]} Qe7 {[%clk 0:04:23]} 25. Rxa8
{[%clk 0:14:56]} Rxa8 {[%clk 0:04:28]} 26. Nxb5 {[%clk 0:15:04]} Qd7
{[%clk 0:02:08]} 27. Nc3 {[%clk 0:15:01]} Rb8 {[%clk 0:01:34]} 28. b5
{[%clk 0:15:08]} Rxb5 {[%clk 0:01:20]} 29. Nxb5 {[%clk 0:14:53]} Qxb5
{[%clk 0:01:28]} 30. Qc3 {[%clk 0:14:55]} Ne8 {[%clk 0:01:23]} 31. f4
{[%clk 0:14:44]} Nd3 {[%clk 0:01:30]} 32. Bxg7 {[%clk 0:14:49]} Nxg7
{[%clk 0:01:36]} 33. Bxd3 {[%clk 0:14:56]} cxd3 {[%clk 0:01:42]} 34. Rd1
{[%clk 0:15:06]} f5 {[%clk 0:01:40]} 35. Qxd3 {[%clk 0:15:08]} 1-0

[Event "Team Championship of Russia (rapid)"]
[Site "Sochi"]
[Date "2015.05.09"]
[Round "7.16"]
[White "Konaplev, Anton"]
[Black "Motylev, Alexander"]
[Result "0-1"]
[LiveChessVersion "1.4.4"]
[BlackElo "2431"]
[WhiteElo "2033"]
[BlackTeam "Malachite"]
[WhiteTeam "SHK Rakita"]

1. c4 {[%clk 0:15:19]} c6 {[%clk 0:15:19]} 2. e4 {[%clk 0:15:27]} d5
{[%clk 0:15:27]} 3. exd5 {[%clk 0:15:35]} cxd5 {[%clk 0:15:36]} 4. d4
{[%clk 0:15:43]} Nf6 {[%clk 0:15:45]} 5. Nc3 {[%clk 0:15:50]} Nc6
{[%clk 0:15:51]} 6. Nf3 {[%clk 0:15:58]} e6 {[%clk 0:15:34]} 7. cxd5
{[%clk 0:15:58]} Nxd5 {[%clk 0:15:32]} 8. Bd3 {[%clk 0:16:05]} Bb4
{[%clk 0:14:59]} 9. Bd2 {[%clk 0:16:12]} Be7 {[%clk 0:14:55]} 10. O-O
{[%clk 0:16:19]} Nf6 {[%clk 0:14:50]} 11. Bg5 {[%clk 0:15:08]} O-O
{[%clk 0:14:51]} 12. Re1 {[%clk 0:15:08]} Bd7 {[%clk 0:14:15]} 13. a3
{[%clk 0:15:07]} Rc8 {[%clk 0:14:21]} 14. Bc2 {[%clk 0:15:05]} Nd5
{[%clk 0:12:22]} 15. Qd3 {[%clk 0:14:31]} g6 {[%clk 0:12:30]} 16. Bh6
{[%clk 0:14:04]} Re8 {[%clk 0:12:40]} 17. Nxd5 {[%clk 0:13:42]} exd5
{[%clk 0:12:48]} 18. Qd2 {[%clk 0:12:54]} Bg4 {[%clk 0:11:50]} 19. Ne5
{[%clk 0:12:15]} Nxe5 {[%clk 0:11:56]} 20. dxe5 {[%clk 0:12:03]} Qb6
{[%clk 0:10:25]} 21. b4 {[%clk 0:09:07]} d4 {[%clk 0:10:16]} 22. h3
{[%clk 0:08:28]} Be6 {[%clk 0:10:17]} 23. Red1 {[%clk 0:08:19]} Red8
{[%clk 0:10:18]} 24. Bf4 {[%clk 0:08:15]} Rc3 {[%clk 0:10:01]} 25. Bd3
{[%clk 0:07:33]} Qc7 {[%clk 0:09:46]} 26. Rac1 {[%clk 0:06:47]} a5
{[%clk 0:08:35]} 27. Qb2 {[%clk 0:06:02]} Rc8 {[%clk 0:07:14]} 28. Be4
{[%clk 0:05:21]} b6 {[%clk 0:03:30]} 29. Rb1 {[%clk 0:02:19]} axb4
{[%clk 0:03:02]} 30. axb4 {[%clk 0:02:23]} Qc4 {[%clk 0:03:09]} 31. Bd2
{[%clk 0:01:46]} Qb5 {[%clk 0:02:12]} 32. Bxc3 {[%clk 0:01:44]} dxc3
{[%clk 0:02:21]} 33. Qc2 {[%clk 0:01:36]} Qxe5 {[%clk 0:02:30]} 34. Re1
{[%clk 0:01:15]} Qg5 {[%clk 0:02:21]} 35. Re3 {[%clk 0:01:19]} Bf6
{[%clk 0:02:07]} 36. Kh1 {[%clk 0:00:45]} Kg7 {[%clk 0:02:14]} 37. Rd3
{[%clk 0:00:47]} Rc4 {[%clk 0:02:10]} 38. Rg3 {[%clk 0:00:50]} Qf4
{[%clk 0:02:08]} 39. Bd3 {[%clk 0:00:56]} Rxb4 {[%clk 0:02:14]} 40. Rxb4
{[%clk 0:00:44]} Qxb4 {[%clk 0:02:22]} 41. Re3 {[%clk 0:00:44]} Qc5
{[%clk 0:02:18]} 42. Re1 {[%clk 0:00:38]} b5 {[%clk 0:02:19]} 43. Rb1
{[%clk 0:00:46]} b4 {[%clk 0:02:26]} 44. Kg1 {[%clk 0:00:20]} Bh4
{[%clk 0:02:19]} 45. Qe2 {[%clk 0:00:12]} b3 {[%clk 0:02:14]} 46. Rc1
{[%clk 0:00:13]} Bg5 {[%clk 0:02:12]} 47. Ra1 {[%clk 0:00:13]} c2
{[%clk 0:02:15]} 48. Qf1 {[%clk 0:00:11]} c1=Q {[%clk 0:02:12]} 49. Rxc1
{[%clk 0:00:20]} Qxc1 {[%clk 0:02:20]} 0-1

[Event "Team Championship of Russia (rapid)"]
[Site "Sochi"]
[Date "2015.05.09"]
[Round "7.17"]
[White "Chigaev, Maksim"]
[Black "Yudin, Sergei"]
[Result "1-0"]
[LiveChessVersion "1.4.4"]
[BlackElo "2642"]
[WhiteElo "2562"]
[BlackTeam "Polytechnic"]

1. e4 {[%clk 0:15:18]} d6 {[%clk 0:15:19]} 2. d4 {[%clk 0:15:26]} Nf6
{[%clk 0:15:27]} 3. Nc3 {[%clk 0:15:35]} e5 {[%clk 0:15:35]} 4. Nf3
{[%clk 0:15:43]} Nbd7 {[%clk 0:15:43]} 5. g4 {[%clk 0:15:52]} h6 {[%clk 0:15:51]}
6. g5 {[%clk 0:15:45]} hxg5 {[%clk 0:15:58]} 7. Bxg5 {[%clk 0:14:47]} c6
{[%clk 0:16:00]} 8. Bc4 {[%clk 0:14:02]} Be7 {[%clk 0:16:06]} 9. Qe2
{[%clk 0:13:25]} b5 {[%clk 0:16:06]} 10. Bb3 {[%clk 0:13:31]} Qc7
{[%clk 0:16:06]} 11. O-O-O {[%clk 0:13:15]} a5 {[%clk 0:15:37]} 12. dxe5
{[%clk 0:12:53]} dxe5 {[%clk 0:14:40]} 13. a4 {[%clk 0:12:47]} Nc5
{[%clk 0:14:48]} 14. axb5 {[%clk 0:12:47]} Nxb3+ {[%clk 0:14:57]} 15. cxb3
{[%clk 0:12:56]} Be6 {[%clk 0:14:51]} 16. Kb1 {[%clk 0:12:57]} O-O
{[%clk 0:13:27]} 17. Rhg1 {[%clk 0:12:37]} cxb5 {[%clk 0:13:19]} 18. Bh6
{[%clk 0:11:39]} g6 {[%clk 0:11:56]} 19. Bxf8 {[%clk 0:11:15]} Bxf8
{[%clk 0:12:05]} 20. Qxb5 {[%clk 0:11:23]} Bg7 {[%clk 0:10:13]} 21. Ng5
{[%clk 0:09:40]} Bg4 {[%clk 0:09:56]} 22. Nd5 {[%clk 0:09:22]} 1-0

[Event "Team Championship of Russia (rapid)"]
[Site "Sochi"]
[Date "2015.05.09"]
[Round "7.18"]
[White "Goganov, Aleksey"]
[Black "Levin, Evgeny A."]
[Result "0-1"]
[LiveChessVersion "1.4.4"]
[BlackElo "2609"]
[WhiteElo "2500"]
[WhiteTeam "Polytechnic"]

1. c4 {[%clk 0:15:17]} e5 {[%clk 0:14:39]} 2. Nc3 {[%clk 0:15:23]} Nc6
{[%clk 0:14:37]} 3. g3 {[%clk 0:15:32]} g6 {[%clk 0:14:35]} 4. Bg2
{[%clk 0:15:40]} Bg7 {[%clk 0:14:43]} 5. e3 {[%clk 0:15:44]} d6 {[%clk 0:14:26]}
6. Nge2 {[%clk 0:15:48]} f5 {[%clk 0:13:38]} 7. d4 {[%clk 0:15:39]} e4
{[%clk 0:13:23]} 8. Nf4 {[%clk 0:15:29]} Nf6 {[%clk 0:13:21]} 9. f3
{[%clk 0:12:28]} exf3 {[%clk 0:13:11]} 10. Qxf3 {[%clk 0:12:36]} O-O
{[%clk 0:11:44]} 11. O-O {[%clk 0:12:44]} Ne7 {[%clk 0:10:38]} 12. b4
{[%clk 0:11:27]} g5 {[%clk 0:09:17]} 13. Nh5 {[%clk 0:10:48]} Nxh5
{[%clk 0:08:56]} 14. Qxh5 {[%clk 0:10:57]} Ng6 {[%clk 0:08:59]} 15. b5
{[%clk 0:10:09]} Rb8 {[%clk 0:06:54]} 16. a4 {[%clk 0:09:11]} Be6
{[%clk 0:06:39]} 17. Qe2 {[%clk 0:09:18]} Kh8 {[%clk 0:06:17]} 18. a5
{[%clk 0:09:25]} a6 {[%clk 0:05:32]} 19. Rb1 {[%clk 0:08:18]} Qd7
{[%clk 0:04:31]} 20. Ba3 {[%clk 0:04:57]} f4 {[%clk 0:04:26]} 21. bxa6
{[%clk 0:03:21]} bxa6 {[%clk 0:04:18]} 22. Rxb8 {[%clk 0:03:29]} Rxb8
{[%clk 0:04:27]} 23. Ne4 {[%clk 0:03:30]} Bg4 {[%clk 0:03:49]} 24. Qd3
{[%clk 0:03:08]} Qa4 {[%clk 0:03:15]} 25. Nxg5 {[%clk 0:02:52]} Rb3
{[%clk 0:03:15]} 26. Qe4 {[%clk 0:03:00]} Rxe3 {[%clk 0:01:51]} 27. Qd5
{[%clk 0:03:05]} h6 {[%clk 0:01:50]} 28. Bc1 {[%clk 0:02:59]} Re7
{[%clk 0:01:41]} 29. h3 {[%clk 0:01:45]} Be2 {[%clk 0:01:27]} 30. Nf7+
{[%clk 0:01:20]} Rxf7 {[%clk 0:00:54]} 31. Qxf7 {[%clk 0:01:28]} Bxf1
{[%clk 0:00:57]} 32. Qxg6 {[%clk 0:00:11]} Bxd4+ {[%clk 0:00:36]} 33. Kh2
{[%clk 0:00:21]} fxg3+ {[%clk 0:00:43]} 34. Kxg3 {[%clk 0:00:17]} Bxg2
{[%clk 0:00:14]} 35. Qxh6+ {[%clk 0:00:24]} Kg8 {[%clk 0:00:23]} 36. Qe6+
{[%clk 0:00:33]} Kh7 {[%clk 0:00:14]} 37. Qf5+ {[%clk 0:00:40]} Kg8
{[%clk 0:00:21]} 38. Qc8+ {[%clk 0:00:18]} Kh7 {[%clk 0:00:22]} 39. Qf5+
{[%clk 0:00:20]} Kg8 {[%clk 0:00:32]} 40. Qe6+ {[%clk 0:00:29]} Kh7
{[%clk 0:00:41]} 41. Qf7+ {[%clk 0:00:15]} Bg7 {[%clk 0:00:31]} 42. Qh5+
{[%clk 0:00:21]} Kg8 {[%clk 0:00:38]} 43. Kxg2 {[%clk 0:00:11]} Qc2+ 44. Kg3 Be5+
{[%clk 0:00:26]} 45. Bf4 {[%clk 0:00:22]} Qd3+ {[%clk 0:00:24]} 46. Kh4
{[%clk 0:00:29]} Bf6+ {[%clk 0:00:17]} 47. Bg5 {[%clk 0:00:38]} Qxc4+
{[%clk 0:00:19]} 48. Kg3 {[%clk 0:00:45]} Qd3+ {[%clk 0:00:27]} 49. Kh2
{[%clk 0:00:26]} Qc2+ {[%clk 0:00:14]} 50. Kg1 {[%clk 0:00:16]} Bd4+
{[%clk 0:00:14]} 51. Kh1 {[%clk 0:00:25]} Qb1+ {[%clk 0:00:23]} 0-1